000 01508nam a2200229Ia 4500
003 Ost
005 20260507074950.0
008 260507s9999||||xx |||||||||||||| ||und||
020 _a9772090244
040 _cfsecg
041 _aara
082 _a658.1
100 _aالنجار، عبد العزيز محمد
_eمؤلف
245 0 _aالإدارة المالية في تمويل الشركات متعددة الجنسيات /
_c عبد العزيز محمد النجار
260 _aالاسكندرية:
_bالمكتب العربي الحديث,
_c2007
300 _a451 صفحة؛
_bإيضاحات ؛
_c25 سم
520 _aالمدخل إلى دراسة الشركات متعددة الجنسية،إطار مفاهيمي للشركة متعددة الجنسية،النواحي التنظيمية للإدارة المالية في الشركة المتعددة الجنسية،الدور التمويلي للشركات متعددة الجنسية في التنمية في الدول النامية المضيفة،الموقف من الشركات متعددة الجنسية في الفكر التنموي،دافعية الشركة متعددة الجنسية كدالة لإستراتيجية الإستثمار في الشركة متعددة الجنسية،المناخ الإستثماري للشركة متعددة الجنسية
653 _aالإدارة المالية
653 _aالشركات الأجنبية
653 _aالشركات-تمويل
942 _cكتاب
999 _c41992
_d41992